000 00355nam a2200145 a 4500
005 20140414093840.0
008 071008s19uu xx 00 eng d
050 _aVCD 790
_bMUN
245 _aMunting tinig = small voices.
260 _aSl :
_bWarner Brothers,
_c200_?.
300 _a2 videodisks
650 _aFilm.
942 _cAVM
999 _c109248
_d109248